Природа геохимической связи состава седиментогенных вод с литологией осадочных бассейнов; Фундаментальные проблемы нефтегазовой гидрогеологии

書誌詳細
Parent link:Фундаментальные проблемы нефтегазовой гидрогеологии.— 2005.— С. 205-209
第一著者: Шварцев С. Л. Степан Львович
要約:В фонде НТБ ТПУ отсутствует
言語:ロシア語
出版事項: 2005
主題:
フォーマット: 図書の章
KOHA link:https://koha.lib.tpu.ru/cgi-bin/koha/opac-detail.pl?biblionumber=595190

MARC

LEADER 00000naa0a2200000 4500
001 595190
005 20250227090147.0
035 |a (RuTPU)RU\TPU\tpu\15564 
090 |a 595190 
100 |a 20090127d2005 k y0rusy50 ca 
101 0 |a rus 
102 |a RU 
200 1 |a Природа геохимической связи состава седиментогенных вод с литологией осадочных бассейнов  |f С. Л. Шварцев 
333 |a В фонде НТБ ТПУ отсутствует 
463 |t Фундаментальные проблемы нефтегазовой гидрогеологии  |o материалы международной конференции, Москва  |v С. 205-209  |d 2005 
610 1 |a труды учёных ТПУ 
700 1 |a Шварцев  |b С. Л.  |c российский гидрогеолог, доктор геолого-минералогических наук  |c профессор Томского политехнического университета, академик РАЕН  |f 1936-  |g Степан Львович  |3 (RuTPU)RU\TPU\pers\25914 
801 1 |a RU  |b 63413507  |c 20090127  |g PSBO 
801 2 |a RU  |b 63413507  |c 20100524  |g PSBO 
942 |c BK